South Eastern Kenya University

Library Online Public Access Catalogue


A sampler on sampling / (Record no. 12077)

MARC details
000 -LEADER
fixed length control field 00578cam a2200217 i 4500
001 - CONTROL NUMBER
control field 1776394
003 - CONTROL NUMBER IDENTIFIER
control field OSt
005 - DATE AND TIME OF LATEST TRANSACTION
control field 20160314104128.0
008 - FIXED-LENGTH DATA ELEMENTS--GENERAL INFORMATION
fixed length control field 770707s1978 nyu 001 0 eng
010 ## - LIBRARY OF CONGRESS CONTROL NUMBER
LC control number 77023839
020 ## - INTERNATIONAL STANDARD BOOK NUMBER
International Standard Book Number 0471030368
040 ## - CATALOGING SOURCE
Original cataloging agency SEKU
050 00 - LIBRARY OF CONGRESS CALL NUMBER
Classification number QA 276.6
Item number .W54 1977
100 1# - MAIN ENTRY--PERSONAL NAME
Personal name Williams, Bill,
245 12 - TITLE STATEMENT
Title A sampler on sampling /
Statement of responsibility, etc. Bill Williams.
260 ## - PUBLICATION, DISTRIBUTION, ETC. (IMPRINT)
Place of publication, distribution, etc. New York :
Name of publisher, distributor, etc. Wiley,
Date of publication, distribution, etc. c1978.
300 ## - PHYSICAL DESCRIPTION
Extent 254 p. :
490 0# - SERIES STATEMENT
Series statement Wiley series in probability and mathematical statistics
650 #0 - SUBJECT ADDED ENTRY--TOPICAL TERM
Topical term or geographic name as entry element Sampling (Statistics)
942 ## - ADDED ENTRY ELEMENTS (KOHA)
Source of classification or shelving scheme Library of Congress Classification
Koha item type General circulation
Holdings
Withdrawn status Lost status Source of classification or shelving scheme Damaged status Not for loan Home library Current library Shelving location Date acquired Total Checkouts Full call number Barcode Date last seen Price effective from Koha item type
    Library of Congress Classification     Mtito Andei Centre Library Mtito Andei Centre Library General Stacks 14/03/2016   QA 276.6 .W54 1977 2015/009550 14/03/2016 14/03/2016 General circulation
Kitui, Kenya.
+254736116989
library@seku.ac.ke